Quizzes
Events
Quiz Creation
Community
Videos
Private Events
Remove Ads
Sign In
Join for FREE
Feedback
Dark Mode
Quiz Categories
Sports
Geography
Music
Movies
Television
Just For Fun
Miscellaneous
History
Literature
Language
Science
Gaming
Entertainment
Religion
Holiday
For Kids
Quiz Lab
Recent
Popular Today
Quiz Kudos Today
Editor Picks
Curator Picks
Quizzes by...
Day
Popularity
Type
Ratings
Length
Year
Community
Subscriptions
Recent Discussions
Orange Saloon
Badges
Playlists
Quests
Create
Leaderboards
Showdown
Live 5
Trivia Bingo
Activity
Puzzle Library
Sporcle Events
Private Events
Virtual Trivia
Globe League
Become a Host
Pub Owners
SporcleCon
Opinionation
Our Games
Videos
Blog
Mobile Apps
Partnerships
Remove Ads and Go Orange
Feedback
Sports
Athletes
MLB
NBA
NHL
NFL
Soccer
Sports Teams
WWE
NCAA
Football
Premier League
Basketball
Baseball
Hockey
Golf
Tennis
Cricket
Rugby
Auto Racing
Olympics
World Cup
Sports
Athletes
MLB
NBA
NHL
NFL
Soccer
Sports Teams
WWE
NCAA
Football
Premier League
Basketball
Baseball
Hockey
Golf
Tennis
Cricket
Rugby
Auto Racing
Olympics
World Cup
Random Quiz
Search Sporcle
×
Quiz Lab
Quiz Lab
Sports
Baseball
Type in answers that appear in a list
Type in answers that appear in a list
Classic
Best Score? Go Orange.
MLB 2012 Starting Pitching rotations Stats
Can you name the MLB 2012 Starting Pitching rotations?
By
ethan1313
10m
178 Questions
391 Plays
391 Plays
391 Plays
Comments
Comments
Give Quiz Kudos
Give Quiz Kudos
-
- Ratings
hide this ad
Replay
Link that replays current quiz
Next Quiz
Link to next quiz in quiz playlist
You Got
0%
They Got
Avg Score
38%
Avg Friend Score
Upgrade to see
Score Distribution
Jump to the score distribution portion of the page
Score
0/178
Timer
10:00
0
Plays Today
2012
Starters
% Correct
Jared Weaver
90.8%
Angels
Zach Greinke
85.2%
Johan Santana
84.9%
Giants
Tim Lincecum
84.7%
Ervin Santana
83.2%
Matt Cain
82.1%
Mariners
Felix Hernandez
82.1%
Cliff Lee
80.8%
CJ Wilson
80.3%
Yankees
C.C. Sabathia
80.3%
Phillies
Roy Halladay
79.3%
Marlins
Josh Johnson
78%
Dodgers
Clayton Kershaw
75.4%
Nationals
Stephen Strasburg
75.2%
Tigers
Justin Verlander
75.2%
Braves
Tim Hudson
74.2%
Diamondbacks
Daniel Hudson
74.2%
Red Sox
Jon Lester
74.2%
Rays
David Price
72.6%
Josh Beckett
72.6%
Cardinals
Adam Wainwright
71.9%
Dan Haren
71.6%
Cole Hamels
71.1%
James Shields
70.3%
Gio Gonzalez
68.8%
Miguel Gonzalez
68.8%
A.J. Burnett
68%
Anibal Sanchez
68%
Jonathan Sanchez
67.8%
Mets
R.A. Dickey
67.5%
Wandy Rodriguez
67.5%
Mark Buehrle
65.5%
Johnny Cueto
64.5%
Ryan Dempster
63.9%
Jaime Garcia
62.9%
Freddy Garcia
62.9%
Chris Carpenter
61.9%
Yovani Gallardo
60.4%
Madison Bumgarner
60.4%
Ubaldo Jimenez
59.1%
Barry Zito
58.6%
Joe Blanton
56.3%
Edwin Jackson
55.2%
Blue Jays
Ricky Romero
54.5%
Cubs
Matt Garza
53.5%
Rangers
Yu Darvish
53.5%
Francisco Liriano
53.5%
Bronson Arroyo
52.7%
Jake Peavy
52.2%
Carlos Zambrano
51.4%
Ian Kennedy
51.2%
Ryan Vogelsong
50.6%
Phil Hughes
49.9%
Reds
Matt Latos
49.6%
Tommy Hanson
49.4%
Hiroki Kuroda
48.6%
Ivan Nova
48.6%
Athletics
Bartolo Colon
48.3%
Max Scherzer
48.1%
Clay Buchholz
47.8%
2012
Starters
% Correct
Indians
Justin Masterson
46.3%
Colby Lewis
46.3%
Chad Billingsley
46%
Derek Lowe
45%
Matt Harrison
44.8%
Doug Fister
44.5%
Edinson Volquez
44%
Aaron Harang
43.7%
Orioles
Wei Yi Chen
43.2%
Royals
Bruce Chen
43.2%
Kyle Lohse
42.7%
Derek Holland
41.2%
Chris Sale
41.2%
Jeremy Hellickson
39.6%
Jair Jurrjens
37.6%
Rick Porcello
37.6%
Ricky Nolasco
37.3%
Jordan Zimmermann
37.1%
Pirates
John McDonald
37.1%
White Sox
John Danks
37.1%
Matt Moore
36.8%
Homer Bailey
36.6%
Aaron Cook
35.8%
Chris Young
35.3%
Paul Maholm
34.8%
Brewers
Shawn Marcum
34.8%
Ben Sheets
34.3%
Ted Lilly
34%
J.A. Happ
33.8%
Brandon Morrow
33.8%
Jonathan Niese
33.8%
Vance Worley
33.5%
Lance Lynn
33.2%
Jeremy Guthrie
32.5%
Trevor Cahill
32%
Randy Wolf
30.9%
Eric Bedard
30.2%
30.2%
30.2%
30.2%
30.2%
30.2%
30.2%
30.2%
30.2%
30.2%
30.2%
30.2%
29.8%
29.8%
29.8%
29.8%
29.8%
29.8%
29.8%
29.8%
Jason Vargas
29.4%
Mike Minor
29.2%
Matt Leake
28.6%
Gavin Floyd
28.4%
2012
Starters
% Correct
Bud Norris
28.1%
Jarrod Parker
28.1%
Jason Hammel
27.6%
Twins
Scott Baker
27.1%
Jake Westbrook
26.3%
Travis Wood
26.1%
Kevin Millwood
25.6%
Chris Capuano
25.3%
Kyle Kendrick
25.1%
Clayton Richard
24.8%
Carl Pavano
24%
Joe Saunders
23.8%
Brandon Beachy
23.5%
Dillon Gee
23.5%
Tom Milone
23.3%
Wade Miley
22.8%
Felix Doubront
22%
Luke Hochevar
21.5%
Jeff Samardzija
19.7%
Henderson Alvarez
18.7%
Chris Tillman
17.1%
Jeff Niemann
17.1%
Phil Humber
16.9%
Chris Volstad
16.6%
Ross Detwiler
16.6%
Scott Diamond
16.1%
A.J. Griffin
15.9%
Nick Blackburn
15.6%
Jeff Karstens
14.8%
Astros
Lucas Harrell
14.6%
Marco Estrada
13.8%
Hishashi Iwakuma
13.8%
Jordan Lyles
13%
Drew Pomeranz
12.3%
Jose Quintana
12.3%
Josh Tomlin
11.8%
Brian Duensing
11.3%
Dallas Keuchel
11%
Zach Britton
10.5%
Mike Fiers
9.7%
Aaron Laffey
9.2%
Danny Duffy
7.9%
Zach McAllister
7.4%
Dan Straily
6.6%
Carlos Villanueva
6.4%
Blake Beavan
6.4%
Wade LeBlanc
6.1%
Felipe Paulino
5.9%
Padres
Corey Luebke
5.6%
Tim Stauffer
5.6%
Rockies
Juan Nicasio
5.6%
Travis Blackley
5.4%
Jorge De La Rosa
4.1%
Christian Friedrich
3.8%
Justin Germano
3.6%
Dustin Moseley
3.3%
Armando Gallargo
1.5%
Cole De Vries
1%
Quiz Playlist
Details
Report
Send in Message
Add To Playlist
Classic:
Type in answers that appear in a list
Last Updated: Feb 16, 2017
Quiz Scoreboard
CHALLENGE
Sign Up to Join the Scoreboard
Show All
Scores
Hide
Comments
May contain spoilers
Recently Published
Women Country Music Singer Match-Up
by babymonkee
Music
5m
TV Characters by Other Roles V
by ghcgh
Television
5m
Decade Duel: World Leaders
by jenniferyan
History
4m
More to Explore
Quiz From the Vault
Featured Blog Post
15 Basketball Trivia Facts You Can Be March Mad About
hide this ad
You Might Also Like...
Tags
Baseball Quiz
MLB Quiz
2012
Pitching
rotation
Starting
Today's Top Quizzes in Sports
Browse Sports
hide this ad
Today's Top Quizzes in Baseball
Browse Baseball
Top Contributed Quizzes in Sports
1
MLB 2 truths and a lie: Hall of Fame pitchers
2
Les joueurs à 100 buts en Ligue 1 Uber Eats
3
2022 World Cup Stars
4
Pick 6: NFL Teams
5
Pick 6: Minor League Baseball
6
Millionaire: NBA Finals Edition
7
50+ Goals in European Competition
8
Click the 1998 NBA Draft
9
Pick 6: Olympics
10
Iconic Moments in Football - Multiple Choice
Explore More
Trending Topics
Marvel
Anime
Disney
NBA
Crossword
Kpop
Harry Potter
Soccer
Country
Pokémon
Puzzle
The Office
NFL
WWE
Song
hide this ad
More By:
ethan1313
Quiz
Plays
Rating
Category
Featured
Created
MLB 2012 Starting Pitching rotations
391
1.71
Sports
Aug 4, 2012
Go to Creator's Profile
Score Distribution
Quiz Creator Spotlight
ethan1313
Follow
Send a Message
Quizzes Created
-
Created Quiz Play Count
-
More By This Creator
Popular Quizzes Today
1
Countries of Asia Without Outlines Minefield
2
Find the US States - No Outlines Minefield
3
Pick 6: Fruits
4
The Countries of the World
5
Find the Countries of Europe - No Outlines Minefield
6
Alphabetical 'K' Countries by Flag Minefield
7
Find the US States
8
US States
More Sports Quizzes
New York Islanders: Top 10 Art Ross Finish
Quiz Lab
Trending Quizzes
Pick 6: Mountains
Pick 6: Harry Potter
Pick 6: NFL Teams
Pick 6: Flags
C Names for Actors
Recently Updated
Adaptations: Name the Title
pecheneg
NWSL Teams
pecheneg
Women's Final Four Teams by Year
bhenderson79
Presidents Quartet II
eogle
Anything But Clue(do)
eogle
Anything But Oceanian Capitals
eogle
Anything But 7
eogle
Anything But Thing
eogle
Word Ladder: February 29
pecheneg
Song Title Questions
pecheneg
Trending Topics
Harry Potter
Anime
Marvel
Disney
Kpop
Crossword
NBA
WWE
Pokémon
NFL
Song
Puzzle
The Office
Soccer
Country
Your Account Isn't Verified!
In order to create a playlist on Sporcle, you need to verify the email address you used during registration. Go to your
Sporcle Settings
to finish the process.
Report this User
Report this user for behavior that violates our
Community Guidelines
.
Details:
Send Report
Go to the Sporcle.com Mobile Site →
Comments